000
00223 a2200097 4500
001
55332
100
_a
245
_a
Animals: Some unique creatures
260
_a
Paris
_b
Flawards & Co
_c
2006
090
_c
34318
_d
34318
942
_a
NUST-CAE
_c
MONOGRAPH
_c
27023
999
_c
290405
_d
290405